000 01963cam a22004934i 4500
003 PE-LiUPU
005 20250731175617.0
008 150827s2014 miu rb 000 0 eng d
020 _a9780310494119
035 _a(Sirsi) i9780310494119
040 _aDLC
_bspa
_cDLC
_dDLC
_dPE-LiUPU
_erda
041 0 _agrc
_aeng
049 _aPRUA
050 0 0 _aPA817
_b.B43 2014
082 0 4 _a487.4
_bB29
_223
100 1 _aBeale, G. K.
_q(Gregory K.),
_d1949- ,
_eautor.
245 1 3 _aAn interpretive lexicon of New Testament Greek :
_banalysis of prepositions, adverbs, particles, relative pronouns, and conjunctions /
_cG. K. Beale, Daniel J. Brendsel, William A. Ross.
250 _aSecond and third editions.
264 1 _aGrand Rapids, Michigan :
_bZondervan,
_c[2014].
300 _a96 páginas ;
_c22 centímetros
336 _atext
_2rdacontent
337 _aunmediated
_2rdamedia
338 _avolume
_2rdacarrier
504 _aIncluye referencias bibliográficas.
504 _aÍndice : páginas 205-208.
505 0 _a
526 _aP145
526 _aP127
526 _aP97
526 _aP35
526 _aP14
526 _aP07
630 0 _aBiblia.
_pN.T.
_xLenguaje.
650 0 _aGriego bíblico
_xGramática.
_95993
700 1 _aBrendsel, Daniel J.,
_d1980- ,
_eautor.
700 1 _aRoss, William A.,
_d1987- ,
_eautor.
910 _aaas
_bjck
_caas
_d20150827
942 _2ddc
_cBOOK
949 _aPGT 487.4 B29
_wDEWEY
_c1
_i71782
_lCCODEBUL1
_mBUL
_p16.00
_r0
_sY
_tBOOK
_u2015-8-27
_xTEOLOGIA
_PP85
_0COMPRA
_o.CIRCNOTE. No olvidar cambiar la fecha de devolución!!!!!!!
_o.STAFF. Posgrado
994 _aC0
_bPEPRU
596 _a1
999 _aPGT 487.4 B29
_wDEWEY
_c6912
_i71782
_f2021-11-11
_g6
_lCCODEBUL1
_mBUL
_p16.00
_r0
_sY
_tBOOK
_u2015-8-27
_xTEOLOGIA
_PP85
_0COMPRA
_o.CIRCNOTE. No olvidar cambiar la fecha de devolución!!!!!!!
_o.STAFF. Posgrado
_d6912
980 _81
_gALBERTO SANCHEZ Responsable de Automatización